000
00303nam a2200121Ia 4500
008
190216s9999||||xx |||||||||||||| ||und||
100
_a
Hildebrand
245
0
_a
Introduction To Numerical Analysis
260
_b
Tata Mcgrawhill Publishers
_c
1974
300
_a
669p
650
_a
Mathematics
942
_c
BK
999
_c
30723
_d
30723